Problemas humáns / (Record no. 148025)
[ view plain ]
| 000 -LEADER | |
|---|---|
| campo de control de longitud fija | 00665nam a2200193 4500 |
| 001 - NÚMERO DE CONTROL | |
| campo de control | 148025 |
| 003 - IDENTIFICADOR DE NÚMERO DE CONTROL | |
| campo de control | ES-MaACL |
| 005 - FECHA Y HORA DE LA ÚLTIMA TRANSACCIÓN | |
| campo de control | 20251017063105.0 |
| 007 - CAMPO FIJO DE DESCRIPCIÓN FÍSICA--INFORMACIÓN GENERAL | |
| campo de control de longitud fija | t| |
| 008 - DATOS DE LONGITUD FIJA--INFORMACIÓN GENERAL | |
| campo de control de longitud fija | 070214s1966 sp r ||||1| gao d |
| 100 1# - ENTRADA PRINCIPAL--NOMBRE DE PERSONA | |
| Nombre de persona | Spranger, Eduard, |
| Fechas asociadas al nombre | 1882-1963 |
| 9 (RLIN) | 107790 |
| 245 10 - MENCIÓN DEL TÍTULO | |
| Título | Problemas humáns / |
| Mención de responsabilidad, etc. | Eduard Spranger ; versión galega, prólogo e notas de D. García Sabell ; epílogo de Johannes Schlemmer. |
| 260 ## - PUBLICACIÓN, DISTRIBUCIÓN, ETC. | |
| Lugar de publicación, distribución, etc. | Vigo : |
| Nombre del editor, distribuidor, etc. | Galaxia, |
| Fecha de publicación, distribución, etc. | 1966. |
| 300 ## - DESCRIPCIÓN FÍSICA | |
| Extensión | 193 p., 1 lám. ; |
| Dimensiones | 19 cm. |
| 700 1# - ENTRADA AGREGADA--NOMBRE PERSONAL | |
| Nombre de persona | García-Sabell, Domingo, |
| Fechas asociadas al nombre | 1909-2003 |
| 9 (RLIN) | 55245 |
| 700 1# - ENTRADA AGREGADA--NOMBRE PERSONAL | |
| Nombre de persona | Schlemmer, Johannes. |
| 9 (RLIN) | 104404 |
| 852 ## - LOCALIZACIÓN | |
| Ubicación | ES-MaACL |
| Número de control de estantería | C-31008 |
| Sublocalización o colección | R.61543 |
| Estatus retirado | Estado de pérdida | Estado de daño | No para préstamo | Biblioteca de origen | Biblioteca actual | Ubicación en estantería | Fecha de adquisición | Fuente de adquisición | Total de préstamos | Signatura topográfica completa | Código de barras | Visto por última vez | Precio de reemplazo | Tipo de ítem Koha |
|---|---|---|---|---|---|---|---|---|---|---|---|---|---|---|
| Biblioteca del Ateneo de Madrid | Biblioteca del Ateneo de Madrid | Depósito 2 | 17/01/2008 | C-31008 | 1154480 | 23/02/2023 | 23/02/2023 | Libro impreso |
